zpět

Detail výsledku týmu

Pivovarský Dvůr ST, Liberec

Datum a čas kvízu

36 Celkem bodů Celkový počet nahraných bodů na tomto kvízu bez doplňovacích otázek.
1. Pořadí na kvízu Konečné umístění týmu na tomto kvízu.

Zaznamenané odpovědi

# Otázka Odpověď Body Výsledky
1. Ukrajinský prezident Volodymyr... klíč od Senátu, tričko 0.5
2. Parlament jednoho evropského s... Rakousko 1
3. Hlavní cenu na karlovarském fi... Bulharska 0
4. Jak se nazývá nová sociální sí... Threads 1
5. O víkendu se v okolí Mladé Bol... Rally Bohemia 1
6. Prověříme váš přehled o histor... C) Mácha a Purkyně 0
7. Co si myslíte, mohl vojevůdce... ne 1
8. Seřaďte tyto domácí události 2... 1A 2B 3C 4D 0
9. Která z těchto osobností se na... C 1
10. Která z následujících událostí... C 0